| 000 | 01194nam a22003137a 4500 | ||
|---|---|---|---|
| 003 | CHAP | ||
| 005 | 20220329134934.0 | ||
| 008 | 971013s1973 r 10010 d | ||
| 010 | _a28392 | ||
| 011 | _a29364 | ||
| 035 | _a33475 | ||
| 040 | _cCHAP | ||
| 082 |
_a301.35 _bC6 1972 |
||
| 111 | 0 | 0 |
_aConsulta de Expertos en la Enseñanza e Investigación en Sociología Rural en América Latina. ( _d1972 _c: Sao Paulo) _927402 |
| 245 | _aEnseñanza e investigación en sociología rural en América Latina | ||
| 260 |
_aRío de Janerio : _bInstituto Interamericano de Ciencias Agrícolas de la OEA, _c1973 |
||
| 300 |
_a220 p. _b; gráfs. |
||
| 590 |
_aBATCH-UPD _b10 _c20130109 _lUCH01 _h2342 |
||
| 590 |
_aBATCH-UPD _b10 _c20130110 _lUCH01 _h2148 |
||
| 590 |
_aBATCH-UPD _b10 _c20130409 _lUCH01 _h1911 |
||
| 590 |
_aBATCH-UPD _b10 _c20130410 _lUCH01 _h1456 |
||
| 590 |
_aBATCH-UPD _b10 _c20130914 _lUCH01 _h1037 |
||
| 590 |
_aCONVERSION _b10 _c20130109 _lUCH01 _h1316 |
||
| 650 | 1 | 4 |
_aSociología rural _xAmérica Latina. _9108218 |
| 650 | 1 | 4 |
_aSociología rural _xEstudio y enseñanza. _9108230 |
| 901 | _aBK | ||
| 942 | _cLIBRO | ||
| 949 |
_a301.35 C6 1972 _bBC _cLIBRO _d-77875 _eLIBRO _h38481 _i33475 _mD _si |
||
| 999 |
_c28392 _d28392 |
||